| 000 | 01121pam a2200301 a 4500 | ||
|---|---|---|---|
| 001 | 1124538 | ||
| 003 | OSt | ||
| 005 | 20200709111520.0 | ||
| 008 | 940525s1995 njuab b 001 0 eng | ||
| 010 | _a 94019435 | ||
| 020 | _a9788177588118 | ||
| 040 |
_aDLC _cDLC _dDLC |
||
| 050 | 0 | 0 |
_aHG4529 _b.F57 1995 |
| 082 | 0 | 0 |
_a332.6320973 _220 |
| 100 |
_aFischer, Donald E _91380 |
||
| 245 | 1 | 0 |
_aSecurity analysis and portfolio management / _cDonald E. Fischer, Ronald J. Jordan. |
| 246 | 1 | 4 | _aSecurity analysis & portfolio management |
| 250 | _a6th ed. | ||
| 260 |
_aEnglewood Cliffs, N.J. : _bPrentice Hall, _cc1995. |
||
| 300 |
_axi, 703p. : _bill., map ; _c25 cm. |
||
| 504 | _aIncludes bibliographical references and index. | ||
| 650 | 0 | _aInvestment analysis. | |
| 650 | 0 | _aPortfolio management. | |
| 700 | 1 |
_aJordan, Ronald J. _91459 |
|
| 906 |
_a7 _bcbc _corignew _d1 _eocip _f19 _gy-gencatlg |
||
| 942 |
_2ddc _cBK _h332.6320973 _iFIS/S _k332.6320973 _mFIS/S |
||
| 999 |
_c7809 _d7809 |
||